MARC

LEADER 00000nam0a2200000 4500
001 369214
005 20231102012148.0
035 |a (RuTPU)RU\TPU\retro\26596 
090 |a 369214 
100 |a 20220513d1980 km y0rusy50 ca 
101 1 |a rus  |c ger 
102 |a RU 
105 |a a z 001zy 
200 1 |a Очистные сооружения малой канализации  |e пер. с нем.  |f И. Грулер 
210 |a Москва  |c Стройиздат  |d 1980 
215 |a 200 с.  |c ил. 
320 |a Библиогр.: с. 200 
606 1 |a Сточные воды  |x Очистка в целом  |2 stltpush  |3 (RuTPU)RU\TPU\subj\57136  |9 75000 
610 1 |a количество 
610 1 |a состав 
610 1 |a водоемы 
610 1 |a охрана 
610 1 |a механическая очистка 
610 1 |a очистные сооружения 
610 1 |a биологическая очистка 
610 1 |a производственные сточные воды 
610 1 |a обеззараживание 
610 1 |a малые канализационные насосные станции 
610 1 |a затраты 
675 |a 628.31  |v 4 
700 1 |a Грулер  |b И. 
801 1 |a RU  |b 63413507  |c 20220513 
942 |c BK